000 00450pab a2200169 454500
008 180718b1998 xxu||||| |||| 00| 0 eng d
100 _aDholakia, Bakul H.
245 _aFinancial crisis in East Asia: a macroeconomic perspective
260 _c1998
300 _ap.35-50
362 _aOct-Dec
650 _aEconomic recession - East Asia
650 _aFinance - East Asia
650 _aEconomic recession
773 _aVikalpa
909 _a39745
999 _c39745
_d39745